[Event "Chigorin Memorial Open"]
[Site "St Petersburg RUS"]
[Date "2011.10.19"]
[Round "6.58"]
[White "Airapetian, Gor"]
[Black "Tsydypov, Zhamsaran"]
[Result "1-0"]
[WhiteTitle "IM"]
[WhiteElo "2463"]
[BlackElo "2288"]
[WhiteFideId "4177916"]
[BlackFideId "4108566"]
[EventDate "2011.10.14"]

1. d4 Nf6 2. c4 g6 3. Nc3 Bg7 4. e4 d6 5. Nf3 O-O 6. h3 e5 7. d5 Nh5 8. Nh2 Qe8
9. Be2 Nf4 10. Bf3 f5 11. g3 Nxh3 12. Bg2 fxe4 13. Nxe4 Qf7 14. Be3 h5 15. Nf1
Nf4 16. gxf4 exf4 17. Bd4 f3 18. Bh3 Bxh3 19. Rxh3 Qf4 20. Nfg3 Re8 21. Bxg7
Rxe4+ 22. Nxe4 Qxe4+ 23. Kf1 Kxg7 24. Qxf3 Qxc4+ 25. Kg2 Na6 26. Re1 Rf8 27.
Re7+ Kg8 28. Qd3 Qxd3 29. Rxd3 Rf7 30. Re6 Nc5 31. Re8+ Kg7 32. Rf3 Rd7 33. b4
Na6 34. a3 c5 35. dxc6 bxc6 36. Rfe3 Kf7 37. Rh8 Kf6 38. Rf8+ Kg7 39. Ra8 Rb7
40. Rd8 d5 41. Rd6 Nb8 42. Rg3 Rd7 43. Rgxg6+ 1-0

[Event "Chigorin Memorial Open"]
[Site "St Petersburg RUS"]
[Date "2011.10.19"]
[Round "6.59"]
[White "Donskov, Anatoly"]
[Black "Chekhov, Sergei"]
[Result "0-1"]
[BlackTitle "FM"]
[WhiteElo "2286"]
[BlackElo "2414"]
[WhiteFideId "24143413"]
[BlackFideId "4195639"]
[EventDate "2011.10.14"]

1. e4 c5 2. Nf3 e6 3. d4 cxd4 4. Nxd4 a6 5. Nc3 Qc7 6. Be2 Nf6 7. O-O Bb4 8. Bg5
Bxc3 9. Bxf6 gxf6 10. bxc3 b5 11. a4 bxa4 12. Rxa4 Bb7 13. Qd2 Nc6 14. Rfa1 Ke7
15. Nb3 Rhg8 16. Qe3 Ne5 17. Nc5 a5 18. Nxb7 Qxb7 19. Rxa5 Rxa5 20. Rxa5 Qb1+
21. Bf1 Rc8 22. Rb5 Qxc2 23. c4 Nxc4 24. Bxc4 Rxc4 25. Qa3+ d6 26. Rb7+ Rc7 27.
Rxc7+ Qxc7 28. h3 Qc5 29. Qb2 f5 30. exf5 Qxf5 31. Qb7+ Kf6 32. Qb8 Qe5 33. Qh8+
Ke7 34. Qxh7 Qe1+ 35. Kh2 Qxf2 36. h4 Qf4+ 37. g3 Qf2+ 38. Kh3 Qf1+ 39. Kh2 d5
40. Qc2 Qc4 41. Qf2 Qg4 42. Kg2 Qe4+ 43. Kh3 d4 44. g4 f5 45. g5 Qe3+ 46. Qxe3
dxe3 47. Kg2 Kf7 48. h5 e5 49. Kf3 f4 50. Ke2 e4 51. Ke1 f3 52. Kd1 e2+ 53. Kd2
e3+ 54. Ke1 Kg7 55. h6+ Kg6 56. h7 f2+ 57. Kxe2 Kxh7 0-1

[Event "Chigorin Memorial Open"]
[Site "St Petersburg RUS"]
[Date "2011.10.19"]
[Round "6.60"]
[White "Arslanov, Shamil"]
[Black "Vunder, Andrey"]
[Result "1-0"]
[WhiteTitle "IM"]
[WhiteElo "2413"]
[BlackElo "2282"]
[WhiteFideId "4192826"]
[BlackFideId "4128338"]
[EventDate "2011.10.14"]

1. e4 c6 2. d4 d5 3. exd5 cxd5 4. c4 Nf6 5. Nc3 e6 6. Nf3 Be7 7. cxd5 Nxd5 8.
Bd3 Nc6 9. O-O O-O 10. Re1 Nf6 11. Bg5 h6 12. Bf4 Bd6 13. Be5 b6 14. a3 Bb7 15.
Qe2 Re8 16. Rac1 a6 17. Bb1 Ne7 18. Bxf6 gxf6 19. Be4 Bxe4 20. Nxe4 Nd5 21. Rc6
Bf8 22. Rec1 Re7 23. Qc2 Rd7 24. Ng3 Ne7 25. Rc3 Nd5 26. Rc6 Ne7 27. Rc3 Nd5 28.
Rc4 b5 29. Rc6 Ne7 30. Rc3 Nd5 31. Rc6 Ne7 32. Rc7 Qxc7 33. Qxc7 Rxc7 34. Rxc7
Rc8 35. Rc5 Rxc5 36. dxc5 Nc6 37. Ne4 Be7 38. g4 Kf8 39. b4 Ke8 40. Kf1 Kd7 41.
Ke2 Ne5 42. Nxe5+ fxe5 43. f3 Kc6 44. Kd3 Kd7 45. Ke2 Kc6 46. Kd2 Kd5 47. Kd3
Kc6 48. Nf2 f5 49. Nd1 Bg5 50. Ne3 Kc7 51. h3 Kc6 52. gxf5 Bxe3 53. f6 Bg5 54.
f7 Be7 55. Ke4 a5 56. Kxe5 axb4 57. axb4 Kd7 58. h4 Bf8 59. Kf6 e5 60. h5 Kd8
61. Kxe5 Ke7 62. Kd5 Kd7 63. f4 Be7 64. f5 Bf8 65. f6 Kc7 66. Ke6 Kc6 67. Ke5
Kc7 68. Kf5 Kd7 69. Kg6 Ke6 70. c6 Bxb4 71. Kg7 1-0

[Event "Chigorin Memorial Open"]
[Site "St Petersburg RUS"]
[Date "2011.10.19"]
[Round "6.61"]
[White "Ponfilenok, Vladimir"]
[Black "Turikov, Viktor"]
[Result "1-0"]
[BlackTitle "FM"]
[WhiteElo "2402"]
[BlackElo "2279"]
[WhiteFideId "24113522"]
[BlackFideId "4107810"]
[EventDate "2011.10.14"]

1. d4 Nf6 2. c4 e6 3. g3 Bb4+ 4. Bd2 a5 5. Bg2 O-O 6. Nc3 d6 7. Nf3 Nc6 8. O-O
e5 9. a3 Bxc3 10. Bxc3 Qe7 11. d5 Nb8 12. b3 Nbd7 13. Ne1 Nb6 14. Qd3 Nfd7 15.
Rb1 Nc5 16. Qd1 Bf5 17. Nc2 a4 18. b4 Ne4 19. Qd3 Nxc3 20. Qxc3 Nd7 21. Rbc1 b6
22. e4 Bg6 23. Ne3 f5 24. exf5 Bxf5 25. Nxf5 Rxf5 26. Bh3 Rf6 27. Rce1 Nf8 28.
f4 Ng6 29. Qc2 Qf8 30. Be6+ Kh8 31. f5 Ne7 32. g4 g5 33. Qc1 Qh6 34. Re3 Qh4 35.
Rg3 Rh6 36. Rf2 Ng8 37. Bxg8 Kxg8 38. Qc2 Rf6 39. Rfg2 Qh6 40. Qe4 Kf7 41. Rc3
Qf8 42. h4 h6 43. hxg5 hxg5 44. Rh2 Rh6 45. Rch3 Rxh3 46. Rxh3 Re8 47. f6 1-0

[Event "Chigorin Memorial Open"]
[Site "St Petersburg RUS"]
[Date "2011.10.19"]
[Round "6.62"]
[White "Vorobjev, Dmitry"]
[Black "Hayrapetian, Ovik"]
[Result "0-1"]
[BlackTitle "IM"]
[WhiteElo "2214"]
[BlackElo "2398"]
[WhiteFideId "24112178"]
[BlackFideId "13302639"]
[EventDate "2011.10.14"]

1. e4 c5 2. Nf3 e6 3. d4 cxd4 4. Nxd4 a6 5. c4 Nf6 6. Nc3 Qc7 7. a3 Nc6 8. Be3
Ne5 9. f4 Neg4 10. Bc1 e5 11. Nd5 Nxd5 12. exd5 d6 13. h3 Nf6 14. Nf3 Nh5 15. g4
Ng3 16. Rg1 Nxf1 17. Rxf1 h5 18. fxe5 dxe5 19. Ng5 f5 20. gxf5 Qxc4 21. Be3 Be7
22. Ne6 Bxe6 23. fxe6 Bh4+ 24. Bf2 O-O 25. Rc1 Qe4+ 26. Qe2 Bxf2+ 27. Rxf2 Qh1+
28. Qf1 Qxd5 29. Rxf8+ Rxf8 30. Rc8 Qe4+ 31. Kd2 Rxc8 32. Qf7+ Kh8 33. Qxh5+ Qh7
34. Qg4 Qc2+ 35. Ke1 Qb1+ 36. Kf2 Rc2+ 37. Ke3 Qe1+ 38. Kd3 Qd2+ 39. Ke4 Rc4+ 0-1

[Event "Chigorin Memorial Open"]
[Site "St Petersburg RUS"]
[Date "2011.10.19"]
[Round "6.64"]
[White "Bukhteeva, Viktoria"]
[Black "Yuffa, Daniil"]
[Result "1/2-1/2"]
[WhiteTitle "WFM"]
[BlackTitle "FM"]
[WhiteElo "2178"]
[BlackElo "2378"]
[WhiteFideId "4192907"]
[BlackFideId "24131423"]
[EventDate "2011.10.14"]

1. e4 c5 2. Nf3 Nc6 3. d4 cxd4 4. Nxd4 Nf6 5. Nc3 d6 6. Bg5 a6 7. Qd2 Nxd4 8.
Qxd4 Qa5 9. Bd2 e5 10. Qd3 Be6 11. Nd5 Qd8 12. c4 Nxd5 13. cxd5 Bd7 14. Qb3 Be7
15. Qxb7 O-O 16. Bd3 f5 17. O-O fxe4 18. Bxe4 Rb8 19. Qa7 Rxb2 20. Bc3 Rb8 21.
Rfb1 Ra8 22. Qe3 Bg5 23. Qd3 h6 24. Rb7 Qc8 25. Rb2 Bb5 26. Qg3 Rf4 27. Re1 Qc4
28. Rbe2 Qxe2 29. Rxe2 Bxe2 30. Qe3 Bh5 31. Qd3 Rc8 32. f3 Be8 33. Bb2 Bb5 34.
Qb1 Rff8 35. Qe1 Bd8 36. h3 Bb6+ 37. Kh2 Bd7 38. Qg3 Rf6 39. Qe1 Rff8 40. Qg3
Rf6 41. Qe1 Bb5 42. Bb1 Rc4 43. a3 Bc5 44. Bd3 Rcf4 45. Be4 Rf8 46. Bc1 R4f6 47.
Bc2 Be8 48. Be4 Bf7 49. Qe2 Bg6 50. Bxg6 Rxg6 51. Qxa6 e4 52. f4 e3 53. Qd3 e2
54. Qxe2 Rgf6 55. Qe4 Rb8 56. a4 Rff8 57. Bd2 Rb2 58. Bc3 Rf2 59. Qe6+ Rf7 60.
Qe8+ 1/2-1/2

[Event "Chigorin Memorial Open"]
[Site "St Petersburg RUS"]
[Date "2011.10.19"]
[Round "6.65"]
[White "Zozulia, Anna"]
[Black "Zakharchenko, Arnold"]
[Result "1-0"]
[WhiteTitle "IM"]
[BlackTitle "IM"]
[WhiteElo "2377"]
[BlackElo "2225"]
[WhiteFideId "14102110"]
[BlackFideId "14103745"]
[EventDate "2011.10.14"]

1. e4 d6 2. d4 Nf6 3. Nc3 g6 4. f3 a6 5. Be3 b5 6. Qd2 Nbd7 7. a4 b4 8. Nd1 a5
9. c3 bxc3 10. bxc3 Bg7 11. Bh6 O-O 12. Bxg7 Kxg7 13. h4 h5 14. Ne3 Rh8 15. Nh3
Bb7 16. Bc4 d5 17. Bxd5 Nxd5 18. exd5 Nb6 19. c4 e6 20. dxe6 Qxh4+ 21. Nf2 Qf6
22. exf7 c5 23. O-O cxd4 24. Nd5 Nxc4 25. Nxf6 Nxd2 26. Ne8+ Kxf7 27. Nd6+ Ke6
28. Nxb7 Nxf1 29. Kxf1 Rhc8 30. Nd3 1-0

[Event "Chigorin Memorial Open"]
[Site "St Petersburg RUS"]
[Date "2011.10.19"]
[Round "6.67"]
[White "Derbenev, Andrey"]
[Black "Martynov, Pavel2"]
[Result "1-0"]
[WhiteElo "2353"]
[BlackElo "2223"]
[WhiteFideId "4154169"]
[BlackFideId "4122186"]
[EventDate "2011.10.14"]

1. e4 c5 2. Nf3 e6 3. d4 cxd4 4. Nxd4 Nc6 5. Nb5 d6 6. c4 Nf6 7. N1c3 a6 8. Na3
Be7 9. Be2 O-O 10. O-O b6 11. Be3 Bb7 12. f3 Re8 13. Qd2 d5 14. cxd5 exd5 15.
exd5 Nb4 16. d6 Bxd6 17. Nc4 Bc5 18. Bxc5 Qxd2 19. Nxd2 bxc5 20. Nc4 Nc2 21.
Rad1 Nd4 22. Bd3 Rad8 23. Na4 Nd7 24. Nd6 Bc6 25. Nxe8 Bxa4 26. b3 Bc6 27. Nd6
Ne5 28. Nc4 Nxd3 29. Rxd3 Ne2+ 30. Kf2 Rxd3 31. Kxe2 Rd5 32. Rd1 Rxd1 33. Kxd1
f6 34. Nd6 g6 35. Kd2 Kf8 36. Kd3 Ke7 37. Nc4 Ke6 38. Ne3 Kd6 39. Kc3 Bd7 40.
Nc4+ Kc6 41. Nd2 Bf5 42. Nf1 g5 43. Ne3 Be6 44. Nd1 h5 45. g3 Kd6 46. Kd3 Bf5+
47. Ke3 Kd5 48. Nc3+ Kc6 49. f4 h4 50. gxh4 gxh4 51. Ne4 Bxe4 52. Kxe4 Kb5 53.
Kf5 Kb4 54. Kxf6 Ka3 55. Kg5 Kxa2 56. f5 Kxb3 57. f6 c4 58. f7 c3 59. f8=Q c2
60. Qf4 Kb2 61. Qb4+ Ka1 62. Qc3+ Kb1 63. Qb3+ 1-0

[Event "Chigorin Memorial Open"]
[Site "St Petersburg RUS"]
[Date "2011.10.19"]
[Round "6.68"]
[White "Matsenko, Andrei"]
[Black "Leontiev, Aleksandr V."]
[Result "0-1"]
[BlackTitle "IM"]
[WhiteElo "2116"]
[BlackElo "2329"]
[WhiteFideId "24146501"]
[BlackFideId "4122968"]
[EventDate "2011.10.14"]

1. e4 e5 2. Nf3 Nc6 3. Bb5 a6 4. Ba4 d6 5. c3 f5 6. exf5 Bxf5 7. O-O Bd3 8. Re1
Be7 9. Re3 e4 10. Nd4 Qd7 11. Nxc6 bxc6 12. Bc2 Bg5 13. Qh5+ Qf7 14. Qxg5 Bxc2
15. d4 Ne7 16. Re1 O-O 17. Be3 Rab8 18. b3 Nf5 19. Na3 Bd3 20. h4 h6 21. Qg4
Nxe3 22. fxe3 Qf2+ 23. Kh2 d5 24. Rac1 Rf6 0-1

[Event "Chigorin Memorial Open"]
[Site "St Petersburg RUS"]
[Date "2011.10.19"]
[Round "6.69"]
[White "Barhudarian, Rafael"]
[Black "Chehlov, Aleksander"]
[Result "1-0"]
[WhiteTitle "FM"]
[BlackTitle "FM"]
[WhiteElo "2325"]
[BlackElo "2211"]
[WhiteFideId "4182685"]
[BlackFideId "11600632"]
[EventDate "2011.10.14"]

1. Nc3 c5 2. Nf3 Nc6 3. d4 cxd4 4. Nxd4 d6 5. g3 g6 6. Bg2 Bd7 7. e4 Bg7 8. Be3
Nf6 9. h3 O-O 10. O-O Rc8 11. Nxc6 bxc6 12. Qd2 Qc7 13. Rad1 Rfd8 14. f4 Be8 15.
Qf2 Nd7 16. Na4 c5 17. Qe1 Nb6 18. Nc3 Rb8 19. b3 Bc6 20. f5 Nd7 21. Bg5 Re8 22.
fxg6 hxg6 23. h4 Nf6 24. Qd2 Qb7 25. Nd5 Bxd5 26. exd5 Qd7 27. Bf3 Qh3 28. Qg2
Qxg2+ 29. Kxg2 Nd7 30. h5 Ne5 31. hxg6 Nxg6 32. Bh5 Be5 33. Bxg6 fxg6 34. Rh1
Bf6 35. Bf4 Kg7 36. Rde1 Rh8 37. Rxh8 Rxh8 38. g4 g5 39. Bg3 Kf7 40. Rd1 c4 41.
b4 Rb8 42. Be1 Kg6 43. a4 c3 44. b5 a6 45. Bf2 axb5 46. Rb1 e6 47. dxe6 d5 48.
axb5 d4 49. b6 Rb7 50. Kf3 d3 51. cxd3 Be5 52. Rc1 Kf6 53. d4 Bf4 54. Rxc3 Kxe6
55. Ke4 Kd6 56. Be3 Bxe3 57. Rxe3 Rxb6 58. Kf5 Rb5+ 59. Re5 Rb4 60. Kxg5 Rxd4 1-0

[Event "Chigorin Memorial Open"]
[Site "St Petersburg RUS"]
[Date "2011.10.19"]
[Round "6.70"]
[White "Emdin, Mark"]
[Black "Demianjuk, Alexander"]
[Result "0-1"]
[WhiteElo "2088"]
[BlackElo "2319"]
[WhiteFideId "4100050"]
[BlackFideId "4134249"]
[EventDate "2011.10.14"]

1. e4 c5 2. d3 Nc6 3. g3 d5 4. Bg2 dxe4 5. Bxe4 Nf6 6. Bg2 Bg4 7. Nf3 e6 8. Nc3
Be7 9. O-O O-O 10. h3 Bh5 11. Bf4 Rc8 12. Qd2 Nd5 13. Nxd5 exd5 14. c3 Bxf3 15.
Bxf3 g5 16. Be3 d4 17. Rfe1 dxe3 18. Qxe3 Bd6 19. Bg4 Rc7 20. f4 Re7 21. Qf2 f5
22. Bh5 gxf4 23. gxf4 Kh8 24. Kh1 Rg8 25. Rg1 Reg7 0-1

[Event "Chigorin Memorial Open"]
[Site "St Petersburg RUS"]
[Date "2011.10.19"]
[Round "6.71"]
[White "Pershin, Denis"]
[Black "Solovyov, Viktor"]
[Result "1/2-1/2"]
[WhiteElo "1984"]
[BlackElo "2312"]
[WhiteFideId "24165506"]
[BlackFideId "4102754"]
[EventDate "2011.10.14"]

1. e4 c5 2. Nf3 e6 3. Nc3 a6 4. d4 cxd4 5. Nxd4 b5 6. Bd3 Qb6 7. Be3 Bc5 8. Qg4
Bxd4 9. e5 Nc6 10. Qxg7 Bxe5 11. Qxe5 Nxe5 12. Bxb6 Bb7 13. Ne4 Bxe4 14. Bxe4 d5
15. Bd4 f6 16. Bd3 Nxd3+ 17. cxd3 e5 18. Bc5 Ne7 19. Kd2 Ng6 20. b4 Kf7 21. a4
Nf4 22. axb5 axb5 23. Ra5 Ne6 24. Ba7 Nd8 25. Rha1 Nc6 26. Rxb5 Rhc8 27. Rb7+
Ke6 28. Ra6 Kf5 29. Rg7 Rxa7 30. Raxa7 Nxa7 31. Rxa7 h5 32. Ra2 Rb8 33. Rb2 d4
34. b5 Rb6 35. Rb4 Ke6 36. Kc2 Kd5 37. Kb3 Rb8 38. b6 Kc6 39. Kc4 Kb7 40. f4
Rc8+ 41. Kd5 Rc2 42. f5 h4 43. Ke6 Rc6+ 44. Kd5 Rc3 45. Ke4 Rc2 46. Kf3 Rc3 47.
Ke4 Rc2 48. Kf3 Rc3 1/2-1/2

[Event "Chigorin Memorial Open"]
[Site "St Petersburg RUS"]
[Date "2011.10.19"]
[Round "6.72"]
[White "Gubernatorov, Sergey"]
[Black "Nikitinyh, Boris"]
[Result "1-0"]
[WhiteTitle "FM"]
[WhiteElo "2311"]
[BlackElo "2203"]
[WhiteFideId "4148215"]
[BlackFideId "4198328"]
[EventDate "2011.10.14"]

1. c4 e5 2. g3 Nc6 3. Bg2 d6 4. Nc3 g6 5. d3 Bg7 6. e3 Nge7 7. Nge2 O-O 8. O-O
Nf5 9. Rb1 a5 10. a3 h5 11. b4 axb4 12. axb4 Nce7 13. e4 Nh6 14. d4 Bd7 15. h3
Kh7 16. Be3 Qc8 17. Kh2 f6 18. dxe5 dxe5 19. Qd3 Be6 20. Nd5 Rd8 21. Qc2 Rd7 22.
f4 Nhg8 23. fxe5 fxe5 24. Ng1 Nxd5 25. exd5 Bf7 26. Nf3 Bf6 27. Bg5 Bg7 28. Nh4
Qe8 29. Be4 Rd6 30. Rf2 Bf6 31. Rbf1 Kg7 32. Qc1 Qd8 33. c5 Rda6 34. d6 Ra2 35.
dxc7 Qd4 36. Bxf6+ Nxf6 37. Bc2 Qc4 38. Qg5 Rxc2 39. Qxf6+ Kh7 40. Rxc2 Qxc2+
41. Rf2 1-0

[Event "Chigorin Memorial Open"]
[Site "St Petersburg RUS"]
[Date "2011.10.19"]
[Round "6.73"]
[White "Vladimirov, Ivan"]
[Black "Nasybullina, Alfia"]
[Result "1-0"]
[WhiteTitle "FM"]
[WhiteElo "2310"]
[BlackElo "1978"]
[WhiteFideId "24105821"]
[BlackFideId "4132416"]
[EventDate "2011.10.14"]

1. d4 Nf6 2. c4 g6 3. g3 Bg7 4. Bg2 O-O 5. Nf3 d6 6. O-O Nbd7 7. Nc3 e5 8. Qc2
exd4 9. Nxd4 Nc5 10. Rd1 a5 11. e4 Re8 12. h3 h6 13. Ndb5 Be6 14. Be3 Qc8 15.
Bxc5 dxc5 16. Nd5 Nxd5 17. cxd5 Bd7 18. Qxc5 Bxb5 19. Qxb5 c6 20. Qe2 cxd5 21.
Rxd5 Qc6 22. Rad1 Re5 23. Rd7 Rae8 24. b3 R5e7 25. R7d5 Re5 26. Rd6 Qb5 27. Qd2
R8e6 28. Rd3 Rc5 29. Rd8+ Re8 30. Qf4 g5 31. Qf3 Rc8 32. R1d7 f6 33. Qh5 1-0

[Event "Chigorin Memorial Open"]
[Site "St Petersburg RUS"]
[Date "2011.10.19"]
[Round "6.76"]
[White "Goganov, Aleksey"]
[Black "Nedostup, Daniil"]
[Result "1-0"]
[WhiteTitle "IM"]
[WhiteElo "2500"]
[BlackElo "2075"]
[WhiteFideId "24109959"]
[BlackFideId "24121576"]
[EventDate "2011.10.14"]

1. d4 f5 2. g3 Nf6 3. Bg2 g6 4. Nf3 Bg7 5. O-O d6 6. c4 O-O 7. Nc3 Qe8 8. d5 Na6
9. Rb1 Nc5 10. b4 Nfe4 11. Nb5 Na6 12. Bb2 Bxb2 13. Rxb2 c6 14. dxc6 bxc6 15.
Nd2 cxb5 16. Nxe4 Rb8 17. cxb5 Qxb5 18. Ng5 Qe5 19. Qd5+ Qxd5 20. Bxd5+ Kg7 21.
a3 Nc7 22. Bg2 h6 23. Nf3 Ne6 24. Rc1 Ba6 25. Rbc2 Kf6 26. e3 Rfc8 27. Nd2 Rxc2
28. Rxc2 Rc8 29. Rxc8 Bxc8 30. Nb3 Nc7 31. a4 Bd7 32. b5 e5 33. Kf1 e4 34. Ke1
Nd5 35. Kd2 Nb6 36. a5 Nc4+ 37. Kc3 d5 38. Kb4 Ne5 39. Bf1 Ke7 40. Kc5 Kd8 41.
Kxd5 Ng4 42. Kd6 Nxf2 43. Nc5 Bc8 44. b6 axb6 45. axb6 Ng4 46. Bb5 Nxe3 47. Ne6+
Bxe6 48. b7 1-0

[Event "Chigorin Memorial Open"]
[Site "St Petersburg RUS"]
[Date "2011.10.19"]
[Round "6.78"]
[White "Andronov, Ilya"]
[Black "Ziatdinov, Raset"]
[Result "0-1"]
[BlackTitle "GM"]
[WhiteElo "2129"]
[BlackElo "2415"]
[WhiteFideId "24142239"]
[BlackFideId "2015323"]
[EventDate "2011.10.14"]

1. e4 e5 2. Nf3 Nc6 3. Bb5 a6 4. Ba4 Nf6 5. O-O Be7 6. Re1 b5 7. Bb3 d6 8. c3
O-O 9. h3 Na5 10. Bc2 c5 11. d4 Nd7 12. Nbd2 cxd4 13. cxd4 Nc6 14. Nb3 a5 15.
Bd3 Ba6 16. d5 Ncb8 17. a3 a4 18. Nbd2 Nc5 19. Bf1 Nbd7 20. b4 axb3 21. Nxb3
Nxb3 22. Qxb3 Nc5 23. Qb4 Bc8 24. Bxb5 Rb8 25. Qc4 f5 26. exf5 Bxf5 27. Be3 Bd3 0-1

[Event "Chigorin Memorial Open"]
[Site "St Petersburg RUS"]
[Date "2011.10.19"]
[Round "6.79"]
[White "Ovod, Evgenija"]
[Black "Kulagin, Sergey"]
[Result "1-0"]
[WhiteTitle "IM"]
[WhiteElo "2408"]
[BlackElo "2128"]
[WhiteFideId "4131827"]
[BlackFideId "4193253"]
[EventDate "2011.10.14"]

1. Nf3 f5 2. c4 Nf6 3. g3 b6 4. Bg2 Bb7 5. O-O e6 6. d4 a5 7. Nc3 Bb4 8. Qc2
Bxc3 9. Qxc3 O-O 10. b3 Be4 11. Bb2 Qe8 12. Rfd1 d6 13. Bf1 Qh5 14. Ne1 Bb7 15.
f3 Nbd7 16. Nd3 Qf7 17. Bg2 Rae8 18. a3 e5 19. dxe5 Nxe5 20. Nxe5 dxe5 21. b4
axb4 22. axb4 e4 23. Ra7 exf3 24. exf3 Bc8 25. c5 bxc5 26. Qxc5 Qb3 27. Rd2 Rd8
28. Ra3 Qe6 29. Re3 Rxd2 30. Rxe6 Bxe6 31. Bxf6 gxf6 32. Bf1 Rf7 33. Qe3 Rd6 34.
Kf2 Kg7 35. Bb5 c6 36. Be2 Rfd7 37. Qc5 Bd5 38. h4 Re6 39. Bd3 Rde7 40. Qc1 Re5
41. h5 Re1 42. h6+ Kg6 43. Qf4 R7e5 44. g4 Be6 45. Qh2 Kf7 46. Qh5+ Ke7 47. gxf5
Bf7 48. Qg4 Rd1 49. Qd4 Rh1 50. Qa7+ Kf8 51. Qb8+ Be8 52. Qd6+ Re7 53. Qxf6+ 1-0

[Event "Chigorin Memorial Open"]
[Site "St Petersburg RUS"]
[Date "2011.10.19"]
[Round "6.80"]
[White "Solovjov, Sergey I."]
[Black "Kuzmin, Egor"]
[Result "0-1"]
[WhiteTitle "IM"]
[WhiteElo "2398"]
[BlackElo "2117"]
[WhiteFideId "4122780"]
[BlackFideId "24101737"]
[EventDate "2011.10.14"]

1. e4 c5 2. Nf3 d6 3. d4 cxd4 4. Nxd4 Nf6 5. Nc3 a6 6. Be2 e5 7. Nb3 Be7 8. Be3
Nc6 9. a3 O-O 10. g4 Be6 11. g5 Nxe4 12. Nxe4 d5 13. Nec5 d4 14. Nxe6 fxe6 15.
Bd2 Qd5 16. Rg1 e4 17. Bg4 a5 18. Qe2 a4 19. Nc1 Ne5 20. Na2 d3 21. Nc3 dxe2 22.
Nxd5 exd5 23. Be6+ Kh8 24. Bxd5 Nf3+ 25. Kxe2 Nxg1+ 26. Rxg1 Bc5 27. Rg2 Rae8
28. c4 Bd4 29. Bxb7 Rb8 30. Bb4 Rxb7 31. Bxf8 Rxb2+ 32. Kf1 Rb1+ 33. Ke2 Rb2+
34. Kf1 Kg8 35. Bd6 Rb1+ 36. Ke2 Rb2+ 37. Kf1 Rb1+ 38. Ke2 Rb2+ 39. Kf1 Rb1+ 40.
Ke2 Rb2+ 41. Ke1 Bc3+ 42. Kd1 Rd2+ 43. Kc1 Rxd6 44. Kc2 Ba5 45. Rg4 Rd4 46. c5
Rc4+ 47. Kb2 Bc7 48. h4 Kf7 49. f3 Ke6 50. h5 Kf5 51. g6 h6 52. Rxe4 Rxe4 53.
fxe4+ Kxe4 54. Kc3 Kd5 55. Kb4 Kc6 56. Kxa4 Kxc5 57. Kb3 Kd5 0-1

[Event "Chigorin Memorial Open"]
[Site "St Petersburg RUS"]
[Date "2011.10.19"]
[Round "6.82"]
[White "Tappyrov, Vladimir"]
[Black "Ivanov, Sergei V."]
[Result "1-0"]
[WhiteTitle "FM"]
[WhiteElo "2330"]
[BlackElo "2055"]
[WhiteFideId "4157184"]
[BlackFideId "24170003"]
[EventDate "2011.10.14"]

1. d4 Nf6 2. c4 g6 3. g3 Bg7 4. Bg2 d6 5. Nf3 O-O 6. O-O Nc6 7. Nc3 Bf5 8. d5
Ne5 9. Nxe5 dxe5 10. e4 Bd7 11. Qe2 Ne8 12. f4 exf4 13. Bxf4 e5 14. Be3 b6 15.
b4 Rb8 16. c5 f5 17. Qc4 Kh8 18. Rad1 Qf6 19. exf5 gxf5 20. d6 cxd6 21. Ne4 Qe6
22. Qxe6 Bxe6 23. Nxd6 Nc7 24. Rc1 bxc5 25. Bxc5 Na6 26. Nb7 Nxc5 27. bxc5 e4
28. c6 Be5 29. Nc5 Bd4+ 30. Kh1 Bxc5 31. Rxc5 Kg7 32. Rfc1 Rbc8 33. Ra5 Ra8 34.
Bf1 Bc8 35. Ba6 Bxa6 36. Rxa6 Rf6 37. Ra5 Kf7 38. Re5 Rc8 39. c7 Kf8 40. Kg2 Rf7
41. Rec5 Ke7 42. Kf2 Kd6 43. Rc6+ Ke5 44. Ke3 Rd7 45. R1c3 h5 46. R6c5+ Rd5 47.
h4 Rxc5 48. Rxc5+ Kf6 49. Kf4 Kg6 50. Ke5 e3 51. Kd6 e2 52. Re5 1-0

[Event "Chigorin Memorial Open"]
[Site "St Petersburg RUS"]
[Date "2011.10.19"]
[Round "6.84"]
[White "Kopasov, Evgeny"]
[Black "Korchmar, Vasiliy"]
[Result "1/2-1/2"]
[WhiteElo "2059"]
[BlackElo "2253"]
[WhiteFideId "4181239"]
[BlackFideId "24131750"]
[EventDate "2011.10.14"]

1. d4 d5 2. c4 c6 3. Nf3 Nf6 4. Nc3 e6 5. Bg5 Nbd7 6. cxd5 exd5 7. e3 Be7 8. Bd3
O-O 9. Qc2 Re8 10. h3 Nf8 11. Bf4 Ng6 12. Bh2 Bd6 13. Bxd6 Qxd6 14. O-O-O b5 15.
Kb1 a5 16. Rc1 Nd7 17. h4 a4 18. h5 Ngf8 19. Bxb5 a3 20. b3 cxb5 21. Nxb5 Qb6
22. Nc7 Bb7 23. Nxa8 Rxa8 24. h6 Rc8 25. Qd2 Rxc1+ 26. Qxc1 Qg6+ 27. Ka1 Qxg2
28. Qg1 Qg6 29. Qxg6 fxg6 30. hxg7 Kxg7 31. Ne1 g5 32. Nc2 Nf6 33. Nxa3 g4 34.
Nb5 Ne4 35. Rh2 h5 36. Rxh5 Nxf2 37. Nd6 Ba6 38. Rf5 Nh3 39. Rxd5 Bd3 40. Nf5+
Bxf5 41. Rxf5 Ng6 42. a4 g3 43. Rf3 g2 44. Rg3 g1=Q+ 45. Rxg1 Nxg1 46. a5 Ne7
47. b4 Kf6 48. Kb2 Ke6 49. Kc3 Ne2+ 50. Kc4 Ng3 51. a6 Nc8 52. Kc5 Kd7 53. b5
Ne4+ 54. Kd5 Ned6 55. Kc5 Ne4+ 56. Kd5 Ned6 1/2-1/2

[Event "Chigorin Memorial Open"]
[Site "St Petersburg RUS"]
[Date "2011.10.19"]
[Round "6.85"]
[White "Usmanov, Vasily"]
[Black "Zamyshlyaev, Anatoly"]
[Result "1-0"]
[WhiteElo "2238"]
[BlackElo "2067"]
[WhiteFideId "4135741"]
[BlackFideId "4199308"]
[EventDate "2011.10.14"]

1. Nf3 d5 2. d4 c5 3. c4 e6 4. cxd5 exd5 5. Bg5 Be7 6. Bxe7 Nxe7 7. dxc5 Qa5+ 8.
Nbd2 Qxc5 9. e3 Nbc6 10. Be2 O-O 11. O-O Rd8 12. Nb3 Qb6 13. Qd2 Bg4 14. Nfd4
Bxe2 15. Qxe2 Rac8 16. Rfd1 Ne5 17. Rac1 Rc4 18. Nf3 Nxf3+ 19. Qxf3 Ra4 20. Ra1
Rc8 21. Nd4 Nc6 22. b3 Nxd4 23. Qh3 Ne2+ 24. Kh1 Rc6 25. bxa4 Nc3 26. Rdc1 Qc7
27. Qf5 Nxa4 28. Rxc6 bxc6 29. Rc1 Qb7 30. Qc2 1-0

[Event "Chigorin Memorial Open"]
[Site "St Petersburg RUS"]
[Date "2011.10.19"]
[Round "6.86"]
[White "Semenova, Irina"]
[Black "Shurunov, Andrei"]
[Result "1-0"]
[WhiteTitle "WGM"]
[WhiteElo "2236"]
[BlackElo "2037"]
[WhiteFideId "4118367"]
[BlackFideId "4113209"]
[EventDate "2011.10.14"]

1. e4 c5 2. Nf3 e6 3. d4 cxd4 4. Nxd4 a6 5. Bd3 Bc5 6. Nb3 Ba7 7. O-O Nc6 8. Qg4
Qf6 9. Nc3 Nge7 10. Kh1 d6 11. f4 Ng6 12. Qg3 Bb8 13. Bd2 O-O 14. Rae1 Kh8 15.
f5 d5 16. Qh3 exf5 17. exf5 Nge7 18. Qh5 h6 19. Na4 Ne5 20. Bc3 Bc7 21. Nac5
N7c6 22. Nd4 Nxd4 23. Bxd4 b6 24. Nb3 Re8 25. Nd2 Bb7 26. Nf3 Re7 27. Nxe5 Bxe5
28. Bxe5 Rxe5 29. Rxe5 Qxe5 30. Qxf7 Bc6 31. f6 Qg5 32. Qe6 1-0